Development through decentralization in Bangladesh : (Record no. 1801)

MARC details
000 -LEADER
fixed length control field 01063nam a22002657a 4500
003 - CONTROL NUMBER IDENTIFIER
control field BD-DhJNU
005 - DATE AND TIME OF LATEST TRANSACTION
control field 20250619060605.0
008 - FIXED-LENGTH DATA ELEMENTS--GENERAL INFORMATION
fixed length control field 250619b |||||||| |||| 00| 0 eng d
020 ## - INTERNATIONAL STANDARD BOOK NUMBER
International Standard Book Number 9840512714
040 ## - CATALOGING SOURCE
Original cataloging agency BD-DhJNU
Language of cataloging ENG
Transcribing agency BD-DhJNU
Modifying agency BD-DhJNU
082 ## - DEWEY DECIMAL CLASSIFICATION NUMBER
Edition number 23
Classification number 350.095492 ALA
100 ## - MAIN ENTRY--PERSONAL NAME
Personal name Alam, Muhammad Mustafa
245 ## - TITLE STATEMENT
Title Development through decentralization in Bangladesh :
Remainder of title evidence and perspective /
Statement of responsibility, etc. Muhammad Mustafa Alam, Ahmed Shafiqul Haque and Kirsten Westergaard
260 ## - PUBLICATION, DISTRIBUTION, ETC.
Place of publication, distribution, etc. Dhaka :
Name of publisher, distributor, etc. The University Press,
Date of publication, distribution, etc. 1994.
300 ## - PHYSICAL DESCRIPTION
Extent 107p :
Other physical details ill. ;
Dimensions 22 cm.
504 ## - BIBLIOGRAPHY, ETC. NOTE
Bibliography, etc. note Includes bibliographical reference
650 ## - SUBJECT ADDED ENTRY--TOPICAL TERM
Topical term or geographic name entry element Pataukhali District (Bangladesh)
General subdivision Economic policy
650 ## - SUBJECT ADDED ENTRY--TOPICAL TERM
Topical term or geographic name entry element Barguna (Bangladesh)
General subdivision Politics and government
650 ## - SUBJECT ADDED ENTRY--TOPICAL TERM
Topical term or geographic name entry element Pataukhali District (Bangladesh)
General subdivision Politics and government
650 ## - SUBJECT ADDED ENTRY--TOPICAL TERM
Topical term or geographic name entry element Decentralization in government
General subdivision Bangladesh
Geographic subdivision Case studies
650 ## - SUBJECT ADDED ENTRY--TOPICAL TERM
Topical term or geographic name entry element Barguna (Bangladesh)
General subdivision Economic policy
700 ## - ADDED ENTRY--PERSONAL NAME
Personal name Haque, Ahmed Shafiqul
700 ## - ADDED ENTRY--PERSONAL NAME
Personal name Westergaard, Kirsten
942 ## - ADDED ENTRY ELEMENTS (KOHA)
Source of classification or shelving scheme Dewey Decimal Classification
Koha item type Books
Suppress in OPAC No
Holdings
Withdrawn status Lost status Source of classification or shelving scheme Damaged status Not for loan Collection Home library Current library Shelving location Date acquired Source of acquisition Total checkouts Full call number Barcode Date last seen Copy number Price effective from Koha item type
    Dewey Decimal Classification     Non-fiction Jagannath University Central Library Jagannath University Central Library General stacks 06/19/2025 Purchased   350.095492 ALA JNUCL17471 06/19/2025 1 06/19/2025 Books